Spracovanie externých substrátov v anaeróbnej stabilizácii čistiarenského kalu

Saved in:
Bibliographic Details
Main Author: Hrnková, Lucia (Author)
Other Authors: Hutňan, Miroslav (Thesis advisor)
Format: Manuscript Book
Language:Slovak
Published: 2019
Subjects:
Online Access:http://is.stuba.sk/zp/portal_zp.pl?podrobnosti=139949
Tags: Add Tag
No Tags, Be the first to tag this record!

MARC

LEADER 00000ntm a22000003a 4500
001 stuzp69836
003 SK-STU
005 20190622210626.6
007 ta
008 150427s2015----xo-----f-mn---000-0-slo-d
040 |a STU  |b slo 
041 0 |a slo 
100 1 |a Hrnková, Lucia  |u 046290  |4 aut  |U FCHPT Ústav chemického a environmentálneho inžinierstva  |T FCHPT Oddelenie environmentálneho inžinierstva  |X 76798  |U C6290  |Y 120  |7 76798 
242 0 1 |a Processing of external substrates in the anaerobic stabilization of sewage sludge  |y eng 
245 1 0 |a Spracovanie externých substrátov v anaeróbnej stabilizácii čistiarenského kalu 
260 |c 2019 
650 4 |a kalové hospodárstvo  |2 slo 
650 4 |a externý substrát  |2 slo 
650 4 |a bioplyn  |2 slo 
650 4 |a čistiareň odpadových vôd  |2 slo 
650 4 |a sludge management  |2 eng 
650 4 |a an external substrate  |2 eng 
650 4 |a biogas  |2 eng 
650 4 |a sewage treatment plant  |2 eng 
700 1 |a Hutňan, Miroslav  |u 046290  |k Z1  |4 ths  |U FCHPT Ústav chemického a environmentálneho inžinierstva  |T FCHPT Oddelenie environmentálneho inžinierstva  |X 3355  |U C6290  |Y 120  |7 A000003355 
856 4 |u http://is.stuba.sk/zp/portal_zp.pl?podrobnosti=139949